[Event "EYCC 2024 - G16"]
[Site "?"]
[Date "2024.08.29"]
[Round "7.1"]
[White "Szczotka, Klara"]
[Black "Yildiz, Elif Zeren"]
[Result "0-1"]
[BlackElo "1934"]
[WhiteElo "2053"]
[LiveChessVersion "1.4.8"]

1. d4 {[%clk 1:30:59]} Nf6 {[%clk 1:30:43]} 2. c4 {[%clk 1:31:26]} e6
{[%clk 1:31:03]} 3. Nc3 {[%clk 1:31:51]} d5 {[%clk 1:31:15]} 4. cxd5
{[%clk 1:32:17]} exd5 {[%clk 1:31:39]} 5. Bg5 {[%clk 1:32:43]} Be7
{[%clk 1:32:00]} 6. e3 {[%clk 1:33:09]} h6 {[%clk 1:32:22]} 7. Bh4
{[%clk 1:33:27]} Bg4 {[%clk 1:32:45]} 8. Qc2 {[%clk 1:31:20]} O-O
{[%clk 1:33:10]} 9. Bd3 {[%clk 1:31:30]} c5 {[%clk 1:33:34]} 10. h3
{[%clk 1:27:04]} Be6 {[%clk 1:33:58]} 11. Nge2 {[%clk 1:27:29]} Nc6
{[%clk 1:34:22]} 12. a3 {[%clk 1:26:59]} c4 {[%clk 1:14:35]} 13. Bf5
{[%clk 1:27:14]} Qd7 {[%clk 1:15:00]} 14. Bxe6 {[%clk 1:16:01]} fxe6
{[%clk 1:15:25]} 15. f4 {[%clk 1:16:24]} a6 {[%clk 1:10:19]} 16. O-O
{[%clk 1:12:36]} b5 {[%clk 1:03:36]} 17. Bxf6 {[%clk 1:08:23]} Bxf6
{[%clk 0:59:58]} 18. Qg6 {[%clk 1:06:20]} Ne7 {[%clk 0:57:23]} 19. Qc2
{[%clk 0:52:28]} Nf5 {[%clk 0:48:39]} 20. Rf3 {[%clk 0:51:37]} Nh4
{[%clk 0:42:00]} 21. Rf2 {[%clk 0:51:26]} Nf5 {[%clk 0:41:03]} 22. Qd2
{[%clk 0:50:00]} Nd6 {[%clk 0:39:19]} 23. Raf1 {[%clk 0:47:58]} a5
{[%clk 0:35:59]} 24. Qd1 {[%clk 0:41:44]} b4 {[%clk 0:27:52]} 25. Na4
{[%clk 0:40:36]} Ne4 {[%clk 0:26:54]} 26. Nb6 {[%clk 0:40:48]} Nxf2
{[%clk 0:27:18]} 27. Kxf2 {[%clk 0:39:28]} Qc6 {[%clk 0:26:30]} 28. Nxa8
{[%clk 0:39:53]} Rxa8 {[%clk 0:26:15]} 29. Qc2 {[%clk 0:37:41]} Be7
{[%clk 0:20:56]} 30. a4 {[%clk 0:32:46]} Rf8 {[%clk 0:21:22]} 31. Ra1
{[%clk 0:32:01]} b3 {[%clk 0:18:57]} 32. Qb1 {[%clk 0:21:30]} Bb4
{[%clk 0:19:22]} 33. g4 {[%clk 0:21:00]} Qd6 {[%clk 0:16:19]} 34. Qg6
{[%clk 0:12:27]} e5 {[%clk 0:05:39]} 35. Qxd6 {[%clk 0:02:48]} Bxd6
{[%clk 0:06:08]} 36. Nc3 {[%clk 0:03:12]} exd4 {[%clk 0:06:34]} 37. Nxd5
{[%clk 0:03:39]} dxe3+ {[%clk 0:06:55]} 38. Kxe3 {[%clk 0:03:25]} Bc5+
{[%clk 0:07:13]} 39. Kf3 {[%clk 0:03:27]} Bd4 {[%clk 0:05:34]} 40. Rc1
{[%clk 0:00:48]} Rd8 {[%clk 0:03:15]} 41. Ke4 {[%clk 0:00:50]} Bxb2
{[%clk 0:03:38]} 42. Rxc4 {[%clk 0:01:19]} Ba3 {[%clk 0:01:53]} 43. Nc3
{[%clk 0:00:35]} Bb4 {[%clk 0:02:09]} 44. Ke3 {[%clk 0:00:34]} b2
{[%clk 0:02:29]} 45. Nb1 {[%clk 0:00:39]} Rd1 {[%clk 0:02:56]} 0-1

[Event "EYCC 2024 - G16"]
[Site "?"]
[Date "2024.08.29"]
[Round "7.2"]
[White "Trunz, Michelle"]
[Black "Peglau, Charis"]
[Result "0-1"]
[BlackElo "2031"]
[WhiteElo "2055"]
[LiveChessVersion "1.4.8"]

1. Nf3 Nf6 {[%clk 1:30:53]} 2. c4 {[%clk 1:31:23]} c5 {[%clk 1:30:07]} 3. Nc3
{[%clk 1:30:53]} g6 {[%clk 1:30:26]} 4. e3 {[%clk 1:27:22]} Bg7 {[%clk 1:30:10]}
5. Bd3 {[%clk 1:27:07]} O-O {[%clk 1:30:04]} 6. Bc2 {[%clk 1:26:01]} Nc6
{[%clk 1:28:59]} 7. O-O {[%clk 1:25:07]} d5 {[%clk 1:27:00]} 8. cxd5
{[%clk 1:24:55]} Nxd5 {[%clk 1:27:23]} 9. a3 {[%clk 1:18:54]} Nc7
{[%clk 1:20:38]} 10. Rb1 {[%clk 1:16:17]} a5 {[%clk 1:11:58]} 11. b3
{[%clk 1:11:30]} b5 {[%clk 1:06:21]} 12. Ne4 {[%clk 1:06:53]} Ne6
{[%clk 1:05:10]} 13. Bb2 {[%clk 1:06:23]} Ba6 {[%clk 1:01:03]} 14. Bxg7
{[%clk 1:05:44]} Kxg7 {[%clk 1:01:27]} 15. d3 {[%clk 0:59:59]} Qb6
{[%clk 0:59:11]} 16. Qc1 {[%clk 0:56:32]} Rfd8 {[%clk 0:55:08]} 17. Qb2+
{[%clk 0:55:55]} Kg8 {[%clk 0:54:49]} 18. Rfd1 {[%clk 0:52:02]} Rd7
{[%clk 0:52:57]} 19. h4 {[%clk 0:48:11]} h5 {[%clk 0:50:43]} 20. Rbc1
{[%clk 0:43:19]} Rad8 {[%clk 0:47:28]} 21. Nfg5 {[%clk 0:41:03]} Ng7
{[%clk 0:35:42]} 22. Bb1 {[%clk 0:37:35]} Rd5 {[%clk 0:35:04]} 23. b4
{[%clk 0:34:28]} axb4 {[%clk 0:33:00]} 24. axb4 {[%clk 0:34:48]} c4
{[%clk 0:30:36]} 25. Nc3 {[%clk 0:32:39]} R5d7 {[%clk 0:30:05]} 26. d4
{[%clk 0:32:22]} Ne8 {[%clk 0:13:13]} 27. Nge4 {[%clk 0:27:10]} Nf6
{[%clk 0:10:38]} 28. Nxf6+ {[%clk 0:27:23]} exf6 {[%clk 0:11:06]} 29. Re1
{[%clk 0:21:53]} f5 {[%clk 0:10:06]} 30. Ne2 {[%clk 0:20:59]} Ne7
{[%clk 0:08:56]} 31. Nf4 {[%clk 0:18:29]} Qf6 {[%clk 0:09:03]} 32. g3
{[%clk 0:16:33]} Bb7 {[%clk 0:09:13]} 33. Kh2 {[%clk 0:14:09]} Qc6
{[%clk 0:08:59]} 34. Rg1 {[%clk 0:14:02]} Ra8 {[%clk 0:08:39]} 35. Nd3
{[%clk 0:13:17]} Rdd8 {[%clk 0:06:50]} 36. Nc5 {[%clk 0:12:48]} Nd5
{[%clk 0:06:20]} 37. e4 {[%clk 0:12:22]} fxe4 {[%clk 0:04:37]} 38. Bxe4
{[%clk 0:12:50]} Bc8 {[%clk 0:04:41]} 39. Rge1 {[%clk 0:10:18]} Qd6
{[%clk 0:04:10]} 40. Bg2 {[%clk 0:09:30]} Ra7 {[%clk 0:03:39]} 41. Re5
{[%clk 0:09:09]} Nf6 {[%clk 0:03:47]} 42. Ne4 {[%clk 0:09:00]} Nxe4
{[%clk 0:02:38]} 43. Bxe4 {[%clk 0:08:15]} Qxd4 {[%clk 0:01:27]} 44. Qxd4
{[%clk 0:06:40]} Rxd4 {[%clk 0:01:56]} 45. Bc6 {[%clk 0:06:31]} Be6
{[%clk 0:01:07]} 46. Rxb5 {[%clk 0:05:55]} Ra2 {[%clk 0:01:13]} 47. Kg2
{[%clk 0:05:15]} Rdd2 {[%clk 0:01:32]} 48. Rf1 {[%clk 0:05:15]} c3
{[%clk 0:01:24]} 49. Rc5 {[%clk 0:05:29]} c2 {[%clk 0:01:10]} 50. Bf3
{[%clk 0:04:46]} Rb2 {[%clk 0:01:20]} 51. Rc1 {[%clk 0:04:34]} Bf5
{[%clk 0:01:07]} 52. b5 {[%clk 0:02:09]} Rb1 {[%clk 0:01:08]} 53. Rh1
{[%clk 0:01:13]} Rxh1 {[%clk 0:00:50]} 54. Kxh1 {[%clk 0:00:57]} Rd1+
{[%clk 0:01:08]} 55. Kg2 {[%clk 0:01:08]} c1=Q {[%clk 0:01:30]} 56. Rxc1
{[%clk 0:01:33]} Rxc1 {[%clk 0:01:58]} 57. b6 {[%clk 0:01:54]} Rb1
{[%clk 0:02:05]} 58. b7 {[%clk 0:02:15]} Bd3 {[%clk 0:02:23]} 0-1

[Event "EYCC 2024 - G16"]
[Site "?"]
[Date "2024.08.29"]
[Round "7.3"]
[White "Tirpan, Ceren"]
[Black "Tsetskhladze, Mariam"]
[Result "1-0"]
[BlackElo "2040"]
[WhiteElo "1926"]
[LiveChessVersion "1.4.8"]

1. c4 {[%clk 1:30:57]} e5 {[%clk 1:30:49]} 2. g3 {[%clk 1:31:22]} c6
{[%clk 1:30:42]} 3. d4 {[%clk 1:31:46]} exd4 {[%clk 1:30:29]} 4. Qxd4
{[%clk 1:32:08]} d5 {[%clk 1:30:51]} 5. cxd5 {[%clk 1:30:05]} cxd5
{[%clk 1:29:44]} 6. Nc3 {[%clk 1:27:11]} Nf6 {[%clk 1:28:26]} 7. Bg5
{[%clk 1:19:36]} Be7 {[%clk 1:26:23]} 8. Nf3 {[%clk 1:19:18]} Nc6
{[%clk 1:23:47]} 9. Qa4 {[%clk 1:19:01]} Qb6 {[%clk 1:11:41]} 10. Qb5
{[%clk 1:06:26]} Qxb5 {[%clk 0:56:13]} 11. Nxb5 {[%clk 1:06:46]} O-O
{[%clk 0:55:52]} 12. Bg2 {[%clk 0:59:51]} Bb4+ {[%clk 0:43:34]} 13. Bd2
{[%clk 0:53:40]} Bc5 {[%clk 0:42:58]} 14. e3 {[%clk 0:39:19]} Bf5
{[%clk 0:35:08]} 15. Rc1 {[%clk 0:28:13]} Nb4 {[%clk 0:28:49]} 16. Bxb4
{[%clk 0:26:00]} Bxb4+ {[%clk 0:27:42]} 17. Ke2 {[%clk 0:26:25]} Bd7
{[%clk 0:17:56]} 18. Nfd4 {[%clk 0:21:45]} Rac8 {[%clk 0:12:14]} 19. Nc7
{[%clk 0:10:49]} Bg4+ {[%clk 0:10:55]} 20. Kd3 {[%clk 0:09:45]} Rcd8
{[%clk 0:09:37]} 21. h3 {[%clk 0:08:51]} Bc8 {[%clk 0:09:32]} 22. g4
{[%clk 0:09:16]} h6 {[%clk 0:06:39]} 23. f4 {[%clk 0:06:22]} a6 {[%clk 0:05:30]}
24. g5 {[%clk 0:05:34]} hxg5 {[%clk 0:05:59]} 25. fxg5 {[%clk 0:05:57]} Ne4
{[%clk 0:06:07]} 26. Rhf1 {[%clk 0:02:27]} Ba5 {[%clk 0:02:42]} 27. h4
{[%clk 0:01:48]} Rd7 {[%clk 0:00:34]} 28. Nxd5 {[%clk 0:01:32]} Rxd5
{[%clk 0:00:47]} 29. Bxe4 {[%clk 0:01:55]} Re5 {[%clk 0:00:50]} 30. g6
{[%clk 0:01:16]} f5 {[%clk 0:00:42]} 31. Bg2 {[%clk 0:01:08]} Rfe8
{[%clk 0:00:43]} 32. Rf3 {[%clk 0:01:28]} Bb6 {[%clk 0:00:40]} 33. Bh3
{[%clk 0:00:52]} Bxd4 {[%clk 0:00:38]} 34. exd4 {[%clk 0:01:14]} Rd5
{[%clk 0:00:33]} 35. Rc7 {[%clk 0:01:03]} Bd7 {[%clk 0:00:32]} 36. Kc4
{[%clk 0:01:00]} Be6 {[%clk 0:00:34]} 37. Kc3 {[%clk 0:01:15]} b5
{[%clk 0:00:37]} 38. Re3 {[%clk 0:01:16]} f4 {[%clk 0:00:34]} 39. Rxe6
{[%clk 0:01:35]} 1-0

[Event "EYCC 2024 - G16"]
[Site "?"]
[Date "2024.08.29"]
[Round "7.4"]
[White "Sprzeczka, Emilia"]
[Black "Maria, Lia-Alexandra"]
[Result "1-0"]
[BlackElo "2046"]
[WhiteElo "2149"]
[LiveChessVersion "1.4.8"]

1. e4 {[%clk 1:30:58]} c5 {[%clk 1:30:56]} 2. Nf3 {[%clk 1:31:23]} Nc6
{[%clk 1:31:21]} 3. d4 {[%clk 1:29:59]} cxd4 {[%clk 1:31:46]} 4. Nxd4
{[%clk 1:30:24]} e5 {[%clk 1:32:10]} 5. Nb5 {[%clk 1:28:47]} d6 {[%clk 1:32:33]}
6. c4 {[%clk 1:29:03]} Nf6 {[%clk 1:32:42]} 7. N1c3 {[%clk 1:28:39]} a6
{[%clk 1:32:46]} 8. Na3 {[%clk 1:28:54]} Be6 {[%clk 1:30:20]} 9. Nc2
{[%clk 1:27:13]} Be7 {[%clk 1:29:18]} 10. Be2 {[%clk 1:26:31]} O-O
{[%clk 1:29:02]} 11. O-O {[%clk 1:25:52]} Rc8 {[%clk 1:28:41]} 12. b4
{[%clk 1:19:06]} Nb8 {[%clk 1:25:44]} 13. Ne3 {[%clk 1:14:12]} b5
{[%clk 1:24:30]} 14. Ncd5 {[%clk 0:53:42]} Nxe4 {[%clk 1:00:33]} 15. f3
{[%clk 0:47:01]} Nf6 {[%clk 0:59:59]} 16. cxb5 {[%clk 0:46:45]} axb5
{[%clk 0:59:48]} 17. Bxb5 {[%clk 0:46:13]} Nc6 {[%clk 0:50:40]} 18. Bxc6
{[%clk 0:42:04]} Rxc6 {[%clk 0:51:03]} 19. b5 {[%clk 0:39:14]} Rc8
{[%clk 0:44:29]} 20. a4 {[%clk 0:37:29]} Nxd5 {[%clk 0:41:08]} 21. Nxd5
{[%clk 0:36:36]} Rc5 {[%clk 0:41:05]} 22. Nxe7+ {[%clk 0:34:01]} Qxe7
{[%clk 0:41:30]} 23. Be3 {[%clk 0:28:25]} Rc4 {[%clk 0:40:51]} 24. Qd3
{[%clk 0:23:15]} d5 {[%clk 0:40:13]} 25. Rfc1 {[%clk 0:22:43]} Rxc1+
{[%clk 0:32:41]} 26. Rxc1 {[%clk 0:20:55]} d4 {[%clk 0:31:08]} 27. Bd2
{[%clk 0:21:13]} f5 {[%clk 0:25:34]} 28. b6 {[%clk 0:15:43]} Qb7 {[%clk 0:24:51]}
29. Qb5 {[%clk 0:14:01]} Bd7 {[%clk 0:20:20]} 30. Qb3+ {[%clk 0:13:34]} Kh8
{[%clk 0:19:20]} 31. Rc7 {[%clk 0:12:49]} Bxa4 {[%clk 0:19:36]} 32. Qxa4
{[%clk 0:11:04]} Qxb6 {[%clk 0:19:59]} 33. Qd7 {[%clk 0:08:51]} Rg8
{[%clk 0:15:19]} 34. Rb7 {[%clk 0:07:33]} Qa6 {[%clk 0:15:22]} 35. h4
{[%clk 0:06:00]} Qe2 {[%clk 0:11:28]} 36. Bg5 {[%clk 0:05:15]} e4
{[%clk 0:09:22]} 37. Qxg7+ {[%clk 0:05:30]} Rxg7 {[%clk 0:09:45]} 38. Rb8+
{[%clk 0:05:57]} Rg8 {[%clk 0:10:10]} 39. Bf6# {[%clk 0:06:23]} 1-0

[Event "EYCC 2024 - G16"]
[Site "?"]
[Date "2024.08.29"]
[Round "7.5"]
[White "Moskalets, Sofiia"]
[Black "Gkoutzouki, Aikaterini Argyro"]
[Result "1/2-1/2"]
[BlackElo "1986"]
[WhiteElo "2119"]
[LiveChessVersion "1.4.8"]

1. e4 {[%clk 1:30:56]} c5 {[%clk 1:30:57]} 2. Nf3 {[%clk 1:31:18]} d6
{[%clk 1:31:23]} 3. d4 {[%clk 1:31:42]} cxd4 {[%clk 1:31:49]} 4. Nxd4
{[%clk 1:32:06]} Nf6 {[%clk 1:32:13]} 5. Nc3 {[%clk 1:32:30]} a6 {[%clk 1:32:40]}
6. g3 {[%clk 1:32:54]} e5 {[%clk 1:32:31]} 7. Nb3 {[%clk 1:32:56]} Be7
{[%clk 1:25:47]} 8. Bg2 {[%clk 1:32:49]} O-O {[%clk 1:20:42]} 9. O-O
{[%clk 1:32:55]} b5 {[%clk 1:18:24]} 10. a4 {[%clk 1:24:12]} b4 {[%clk 1:16:53]}
11. Nd5 {[%clk 1:24:37]} Nxd5 {[%clk 1:16:47]} 12. Qxd5 {[%clk 1:23:12]} Ra7
{[%clk 1:16:35]} 13. Be3 {[%clk 1:23:32]} Be6 {[%clk 1:15:57]} 14. Qd2
{[%clk 1:19:51]} Rb7 {[%clk 1:15:13]} 15. a5 {[%clk 1:13:23]} Nd7
{[%clk 1:11:27]} 16. Rfd1 {[%clk 1:06:26]} Qc8 {[%clk 0:54:04]} 17. f4
{[%clk 0:56:19]} Rc7 {[%clk 0:48:36]} 18. Rac1 {[%clk 0:51:42]} f5
{[%clk 0:40:50]} 19. Bb6 {[%clk 0:43:13]} Rc4 {[%clk 0:34:49]} 20. exf5
{[%clk 0:43:06]} Rxf5 {[%clk 0:35:02]} 21. Bh3 {[%clk 0:41:06]} Rf6
{[%clk 0:33:54]} 22. Bxe6+ {[%clk 0:41:30]} Rxe6 {[%clk 0:34:21]} 23. f5
{[%clk 0:34:31]} Rf6 {[%clk 0:32:28]} 24. Rf1 {[%clk 0:29:44]} Kh8
{[%clk 0:28:36]} 25. Be3 {[%clk 0:29:17]} h6 {[%clk 0:29:01]} 26. Qd1
{[%clk 0:28:05]} Rf8 {[%clk 0:23:15]} 27. Nd2 {[%clk 0:25:33]} Rc6
{[%clk 0:23:13]} 28. Ne4 {[%clk 0:23:44]} Nf6 {[%clk 0:22:07]} 29. Nxf6
{[%clk 0:23:54]} Bxf6 {[%clk 0:22:20]} 30. Rf2 {[%clk 0:19:55]} e4
{[%clk 0:18:56]} 31. Qd5 {[%clk 0:14:08]} Bxb2 {[%clk 0:16:45]} 32. Rb1
{[%clk 0:14:30]} Be5 {[%clk 0:17:05]} 33. Rxb4 {[%clk 0:08:29]} Rxc2
{[%clk 0:16:41]} 34. Qxe4 {[%clk 0:08:24]} Rxf2 {[%clk 0:15:46]} 35. Bxf2
{[%clk 0:08:49]} Rxf5 {[%clk 0:10:47]} 36. Rc4 {[%clk 0:09:10]} Qf8
{[%clk 0:10:19]} 37. Qc2 {[%clk 0:08:56]} Qg8 {[%clk 0:07:51]} 38. Rc6
{[%clk 0:07:20]} Rf8 {[%clk 0:06:07]} 39. Rxa6 {[%clk 0:06:22]} Qd5
{[%clk 0:06:34]} 40. Rc6 {[%clk 0:04:02]} Qxa5 {[%clk 0:05:12]} 41. Rc8
{[%clk 0:04:15]} Rxc8 {[%clk 0:05:29]} 42. Qxc8+ {[%clk 0:04:40]} Kh7
{[%clk 0:05:58]} 43. Qf5+ {[%clk 0:05:02]} Kg8 {[%clk 0:06:25]} 44. Qc8+
{[%clk 0:04:54]} Kf7 {[%clk 0:06:51]} 45. Qb7+ Kg8 {[%clk 0:05:35]} 46. Qc8+
{[%clk 0:04:58]} Kf7 {[%clk 0:05:40]} 47. Qb7+ {[%clk 0:05:22]} Ke6
{[%clk 0:05:55]} 48. Qc8+ {[%clk 0:05:36]} Ke7 {[%clk 0:06:16]} 49. Qb7+
{[%clk 0:05:50]} Ke6 {[%clk 0:06:23]} 50. Qc8+ {[%clk 0:06:15]} Kf6
{[%clk 0:06:32]} 51. g4 {[%clk 0:05:15]} Qa1+ {[%clk 0:06:33]} 52. Kg2
{[%clk 0:05:40]} Qb1 {[%clk 0:06:48]} 53. Bh4+ {[%clk 0:03:41]} Kg6
{[%clk 0:07:11]} 54. Qe6+ {[%clk 0:03:54]} Kh7 {[%clk 0:07:39]} 55. Qf5+
{[%clk 0:04:07]} Qxf5 {[%clk 0:07:50]} 56. gxf5 {[%clk 0:04:33]} Kg8
{[%clk 0:08:06]} 57. h3 {[%clk 0:04:47]} Kf7 {[%clk 0:08:12]} 58. Kf3
{[%clk 0:05:12]} d5 {[%clk 0:08:32]} 59. Ke3 {[%clk 0:04:49]} Ke8
{[%clk 0:08:08]} 60. Kd3 {[%clk 0:04:16]} Kd7 {[%clk 0:08:23]} 61. Be1
{[%clk 0:03:23]} Ke7 {[%clk 0:07:35]} 62. Bh4+ {[%clk 0:03:48]} Kd6
{[%clk 0:07:41]} 63. Bf2 {[%clk 0:03:18]} Ke7 {[%clk 0:07:46]} 64. Bh4+
{[%clk 0:03:44]} Kf7 {[%clk 0:08:13]} 65. Ke3 {[%clk 0:03:19]} Bf6
{[%clk 0:07:38]} 66. Bg3 {[%clk 0:03:14]} Ke7 {[%clk 0:06:32]} 67. Kd3
{[%clk 0:03:10]} Ba1 {[%clk 0:06:34]} 68. Bh4+ {[%clk 0:03:31]} Kd6
{[%clk 0:06:50]} 69. Bg3+ {[%clk 0:03:54]} Be5 {[%clk 0:07:14]} 70. Bf2
{[%clk 0:03:38]} Kc6 {[%clk 0:07:19]} 71. Bh4 {[%clk 0:03:18]} Kd6
{[%clk 0:07:10]} 72. Bf2 {[%clk 0:03:40]} Ke7 {[%clk 0:07:23]} 73. Bh4+
{[%clk 0:04:06]} Kf7 {[%clk 0:07:50]} 74. Ke3 {[%clk 0:04:01]} Ba1
{[%clk 0:07:46]} 75. Kd3 {[%clk 0:03:56]} Be5 {[%clk 0:07:18]} 76. Ke3
{[%clk 0:04:13]} Kg8 {[%clk 0:07:44]} 77. Kd3 {[%clk 0:04:10]} Kh7
{[%clk 0:08:04]} 78. Bf2 {[%clk 0:04:02]} Kg8 {[%clk 0:07:01]} 79. Bd4
{[%clk 0:03:41]} Bxd4 {[%clk 0:04:54]} 80. Kxd4 {[%clk 0:04:08]} Kf7
{[%clk 0:05:22]} 81. Kxd5 {[%clk 0:04:30]} Kf6 {[%clk 0:05:50]} 82. Ke4
{[%clk 0:04:49]} Kg5 {[%clk 0:04:57]} 83. Ke5 {[%clk 0:05:09]} Kh4
{[%clk 0:05:05]} 84. f6 {[%clk 0:05:15]} gxf6+ {[%clk 0:05:27]} 85. Kxf6
{[%clk 0:05:42]} 1/2-1/2

[Event "EYCC 2024 - G16"]
[Site "?"]
[Date "2024.08.29"]
[Round "7.6"]
[White "Rybackova, Lucie"]
[Black "Stankovic, Andrea"]
[Result "1-0"]
[BlackElo "1856"]
[WhiteElo "2024"]
[LiveChessVersion "1.4.8"]

1. Nf3 {[%clk 1:30:57]} Nf6 {[%clk 1:30:50]} 2. c4 {[%clk 1:31:19]} c5
{[%clk 1:29:52]} 3. g3 {[%clk 1:31:23]} e6 {[%clk 1:29:01]} 4. Bg2
{[%clk 1:31:15]} d5 {[%clk 1:29:04]} 5. O-O {[%clk 1:30:59]} Nc6 {[%clk 1:28:26]}
6. cxd5 {[%clk 1:31:10]} exd5 {[%clk 1:28:35]} 7. d4 {[%clk 1:30:53]} cxd4
{[%clk 1:24:36]} 8. Nxd4 {[%clk 1:28:05]} Be7 {[%clk 1:22:30]} 9. Nc3
{[%clk 1:22:24]} O-O {[%clk 1:22:42]} 10. Be3 {[%clk 1:19:11]} Be6
{[%clk 1:19:49]} 11. Rc1 {[%clk 1:06:28]} Qd7 {[%clk 1:08:10]} 12. Nxc6
{[%clk 1:00:04]} bxc6 {[%clk 1:08:02]} 13. Na4 {[%clk 0:59:17]} Bh3
{[%clk 0:58:53]} 14. Bc5 {[%clk 0:51:48]} Bxg2 {[%clk 0:57:59]} 15. Kxg2
{[%clk 0:52:16]} Rac8 {[%clk 0:57:04]} 16. Qd4 {[%clk 0:47:54]} Rc7
{[%clk 0:52:20]} 17. e3 {[%clk 0:43:48]} Ne4 {[%clk 0:47:23]} 18. Bxe7
{[%clk 0:43:10]} Qxe7 {[%clk 0:47:45]} 19. Nc5 {[%clk 0:42:49]} Rd8
{[%clk 0:38:01]} 20. Rfd1 {[%clk 0:30:41]} Ng5 {[%clk 0:25:35]} 21. b4
{[%clk 0:17:47]} h6 {[%clk 0:25:07]} 22. Rc2 {[%clk 0:16:05]} Re8
{[%clk 0:17:52]} 23. Rdc1 {[%clk 0:14:13]} Rcc8 {[%clk 0:15:26]} 24. h4
{[%clk 0:13:46]} Ne6 {[%clk 0:13:42]} 25. Nxe6 {[%clk 0:14:06]} Qxe6
{[%clk 0:12:55]} 26. a3 {[%clk 0:12:23]} Qd7 {[%clk 0:08:45]} 27. Rc5
{[%clk 0:10:48]} Re4 {[%clk 0:07:43]} 28. Qc3 {[%clk 0:08:44]} d4
{[%clk 0:07:10]} 29. exd4 {[%clk 0:08:41]} Rxd4 {[%clk 0:07:12]} 30. Rxc6
{[%clk 0:07:59]} Qd5+ {[%clk 0:05:23]} 31. Kh2 {[%clk 0:07:56]} Rxc6
{[%clk 0:01:31]} 32. Qxc6 {[%clk 0:08:24]} Qh5 {[%clk 0:00:32]} 33. Rc5
{[%clk 0:05:09]} Qd1 {[%clk 0:00:32]} 34. Qe8+ {[%clk 0:05:11]} Kh7
{[%clk 0:00:59]} 35. Qxf7 {[%clk 0:05:15]} Rd7 {[%clk 0:00:48]} 36. Qf5+
{[%clk 0:05:08]} g6 {[%clk 0:00:54]} 37. Qc2 {[%clk 0:05:10]} Qf3
{[%clk 0:00:39]} 38. Rc7 {[%clk 0:04:47]} Qf7 {[%clk 0:01:05]} 39. Rxd7
{[%clk 0:05:00]} Qxd7 {[%clk 0:01:33]} 40. h5 {[%clk 0:05:15]} 1-0

[Event "EYCC 2024 - G16"]
[Site "?"]
[Date "2024.08.29"]
[Round "7.7"]
[White "Abdinova, Narmin"]
[Black "Omeri, Eklea"]
[Result "1-0"]
[BlackElo "1962"]
[WhiteElo "2244"]
[LiveChessVersion "1.4.8"]

1. d4 {[%clk 1:30:39]} d5 {[%clk 1:30:56]} 2. c4 {[%clk 1:31:01]} c6
{[%clk 1:31:20]} 3. Nf3 {[%clk 1:31:20]} Nf6 {[%clk 1:31:44]} 4. g3
{[%clk 1:31:42]} g6 {[%clk 1:31:41]} 5. Bg2 {[%clk 1:31:49]} Bg7 {[%clk 1:32:05]}
6. O-O {[%clk 1:32:10]} O-O {[%clk 1:32:30]} 7. Nc3 {[%clk 1:28:20]} dxc4
{[%clk 1:29:32]} 8. a4 {[%clk 1:21:15]} a5 {[%clk 1:22:03]} 9. e4
{[%clk 1:19:50]} Bg4 {[%clk 1:21:57]} 10. Be3 {[%clk 1:18:49]} Na6
{[%clk 1:18:56]} 11. h3 {[%clk 1:14:52]} Bxf3 {[%clk 1:18:57]} 12. Bxf3
{[%clk 1:13:14]} Qd7 {[%clk 1:16:18]} 13. Qe2 {[%clk 1:11:16]} Nc7
{[%clk 1:12:26]} 14. Rfd1 {[%clk 1:04:14]} Rfd8 {[%clk 0:55:28]} 15. d5
{[%clk 0:34:02]} cxd5 {[%clk 0:38:43]} 16. e5 {[%clk 0:34:30]} Nfe8
{[%clk 0:38:47]} 17. Nxd5 {[%clk 0:34:02]} Nxd5 {[%clk 0:37:47]} 18. Bxd5
{[%clk 0:33:52]} e6 {[%clk 0:33:36]} 19. Bxc4 {[%clk 0:33:11]} Qc7
{[%clk 0:30:37]} 20. Bd4 {[%clk 0:29:32]} Rac8 {[%clk 0:24:44]} 21. Bb5
{[%clk 0:23:39]} Bh6 {[%clk 0:20:43]} 22. Ra3 {[%clk 0:22:20]} Rd5
{[%clk 0:14:07]} 23. Rc3 {[%clk 0:21:53]} Qd8 {[%clk 0:14:04]} 24. Rxc8
{[%clk 0:19:45]} Qxc8 {[%clk 0:14:32]} 25. Bb6 {[%clk 0:18:04]} Nc7
{[%clk 0:10:01]} 26. Rxd5 {[%clk 0:11:25]} Nxd5 {[%clk 0:10:22]} 27. Bxa5
{[%clk 0:11:29]} Qc1+ {[%clk 0:10:28]} 28. Kg2 {[%clk 0:11:24]} b6
{[%clk 0:10:37]} 29. Be1 {[%clk 0:11:51]} Bg7 {[%clk 0:07:31]} 30. Bc4
{[%clk 0:10:55]} Qg5 {[%clk 0:06:56]} 31. Bxd5 {[%clk 0:09:40]} exd5
{[%clk 0:07:24]} 32. Bc3 {[%clk 0:09:16]} Qd8 {[%clk 0:07:10]} 33. Bd4
{[%clk 0:09:19]} Bf8 {[%clk 0:06:48]} 34. Qe3 {[%clk 0:07:16]} Bc5
{[%clk 0:06:04]} 35. Bxc5 {[%clk 0:05:41]} bxc5 {[%clk 0:06:33]} 36. Qxc5
{[%clk 0:04:46]} d4 {[%clk 0:06:58]} 37. Kf1 {[%clk 0:04:29]} Qd7
{[%clk 0:06:34]} 38. e6 {[%clk 0:03:31]} fxe6 {[%clk 0:05:21]} 39. b3
{[%clk 0:03:01]} Qb7 {[%clk 0:02:47]} 40. Qxd4 {[%clk 0:02:44]} Qxb3
{[%clk 0:03:07]} 41. Qd8+ {[%clk 0:01:55]} Kg7 {[%clk 0:03:02]} 42. Qd7+
{[%clk 0:01:30]} Kh6 {[%clk 0:02:56]} 43. Qb5 {[%clk 0:01:48]} Qd1+
{[%clk 0:02:51]} 44. Kg2 {[%clk 0:02:16]} Qd8 {[%clk 0:02:19]} 45. a5
{[%clk 0:02:31]} Qa8+ {[%clk 0:02:45]} 46. Kg1 {[%clk 0:02:56]} Qe4
{[%clk 0:02:20]} 47. Qb6 {[%clk 0:02:42]} e5 {[%clk 0:01:23]} 48. Qe3+
{[%clk 0:03:03]} 1-0

[Event "EYCC 2024 - G16"]
[Site "?"]
[Date "2024.08.29"]
[Round "7.8"]
[White "Shvedova, Alexandra"]
[Black "Rasheva, Nora"]
[Result "1-0"]
[BlackElo "1942"]
[WhiteElo "2219"]
[LiveChessVersion "1.4.8"]

1. e4 {[%clk 1:30:57]} c6 {[%clk 1:30:53]} 2. d4 {[%clk 1:31:23]} d5
{[%clk 1:31:18]} 3. e5 {[%clk 1:31:48]} Bf5 {[%clk 1:31:39]} 4. Nf3
{[%clk 1:32:04]} e6 {[%clk 1:31:57]} 5. Be2 {[%clk 1:32:29]} Nd7 {[%clk 1:32:02]}
6. O-O {[%clk 1:32:53]} h6 {[%clk 1:31:56]} 7. Nbd2 {[%clk 1:32:51]} Ne7
{[%clk 1:32:14]} 8. Nb3 {[%clk 1:33:09]} g5 {[%clk 1:26:42]} 9. a4
{[%clk 1:33:13]} Bg6 {[%clk 1:24:22]} 10. a5 {[%clk 1:31:24]} Nf5
{[%clk 1:23:49]} 11. Bd2 {[%clk 1:27:29]} Be7 {[%clk 1:06:47]} 12. c4
{[%clk 1:19:36]} O-O {[%clk 1:05:30]} 13. cxd5 {[%clk 1:13:29]} cxd5
{[%clk 1:01:01]} 14. Ne1 {[%clk 1:05:23]} f6 {[%clk 0:57:35]} 15. exf6
{[%clk 0:58:17]} Bxf6 {[%clk 0:52:57]} 16. Bb4 {[%clk 0:53:10]} Re8
{[%clk 0:48:26]} 17. Bb5 {[%clk 0:48:55]} Be7 {[%clk 0:26:18]} 18. Nc5
{[%clk 0:41:40]} Bxc5 {[%clk 0:24:34]} 19. Bxc5 {[%clk 0:38:19]} a6
{[%clk 0:24:48]} 20. Bxd7 {[%clk 0:32:46]} Qxd7 {[%clk 0:25:07]} 21. Nd3
{[%clk 0:32:58]} Rac8 {[%clk 0:23:23]} 22. Ne5 {[%clk 0:30:05]} Qg7
{[%clk 0:23:27]} 23. Re1 {[%clk 0:26:21]} Ne7 {[%clk 0:23:01]} 24. Qb3
{[%clk 0:26:08]} Rc7 {[%clk 0:13:59]} 25. Bd6 {[%clk 0:19:31]} Rc2
{[%clk 0:13:23]} 26. Qxb7 {[%clk 0:19:09]} Qf6 {[%clk 0:12:38]} 27. Rf1
{[%clk 0:18:10]} Nf5 {[%clk 0:10:13]} 28. Nd7 {[%clk 0:16:37]} Qf7
{[%clk 0:03:17]} 29. Be5 {[%clk 0:16:19]} Rd8 {[%clk 0:03:31]} 30. Nf6+
{[%clk 0:16:34]} Kf8 {[%clk 0:03:45]} 31. Qb4+ {[%clk 0:15:41]} Qe7
{[%clk 0:03:51]} 32. Qb6 {[%clk 0:15:25]} Nd6 {[%clk 0:02:32]} 33. Ng4
{[%clk 0:14:35]} Nc4 {[%clk 0:00:55]} 34. Qxa6 {[%clk 0:13:50]} Qd7
{[%clk 0:00:34]} 35. f4 {[%clk 0:13:28]} Bd3 {[%clk 0:00:43]} 36. fxg5+
{[%clk 0:13:08]} Ke7 {[%clk 0:00:33]} 37. Bf6+ {[%clk 0:12:36]} Ke8
{[%clk 0:01:01]} 38. Bxd8 {[%clk 0:12:54]} Rxg2+ {[%clk 0:00:45]} 39. Kxg2
{[%clk 0:13:07]} Ne3+ {[%clk 0:01:14]} 40. Kg1 {[%clk 0:12:11]} Bxa6
{[%clk 0:00:42]} 41. Nf6+ {[%clk 0:12:37]} Kxd8 {[%clk 0:01:09]} 42. Nxd7
{[%clk 0:13:02]} Bxf1 {[%clk 0:01:14]} 43. Rxf1 {[%clk 0:13:17]} 1-0